Catalog

Record Details

Catalog Search



Available copies

  • 1 of 1 copy available at LARL/NWRL Consortium.
  • 1 of 1 copy available at Lake Agassiz Regional Library. (Show preferred library)

Current holds

0 current holds with 1 total copy.

Show Only Available Copies
Location Call Number / Copy Notes Barcode Shelving Location Status Due Date
Moorhead Public Library C COP (Text) 33500012030730 Main Available -

Record details

  • ISBN: 9780736961677
  • ISBN: 0736961674
  • Physical Description: pages ; cm
  • Publisher: Eugene, Oregon : Harvest House Publishers, 2015.

Content descriptions

General Note:
Sequel to: Sisters of Mercy Flats.
Summary, etc.:
When the wagon carrying the McDougal sisters falls ... Read More
Subject: Crow Indians > Fiction.
Man-woman relationships > Fiction.
Gold > Fiction.
Genre: Love stories.
Christian fiction.
Western stories.
LDR 02034cam a22004578i 4500
001175829
003LARL_NWRL_CONSORTIUM
00520150217120155.0
008140913s2015 oru 000 1 eng
010 . ‡a2014021860
020 . ‡a9780736961677
020 . ‡a0736961674
035 . ‡a(OCoLC)884817019
040 . ‡aDLC ‡beng ‡erda ‡cDLC ‡dBTCTA ‡dYDXCP ‡dBDX ‡dUPZ
042 . ‡apcc
05000. ‡aPS3553.O6336 ‡bM9 2015
08200. ‡a813/.54 ‡223
1001 . ‡aCopeland, Lori. ‡0(LARL_NWRL_CONSORTIUM)104035
24510. ‡aMy heart stood still ‡n#2 / ‡cLori Copeland.
260 . ‡aEugene, Oregon : ‡bHarvest House Publishers, ‡c2015.
300 . ‡apages ; ‡ccm
336 . ‡atext ‡btxt ‡2rdacontent
337 . ‡aunmediated ‡bn ‡2rdamedia
338 . ‡avolume ‡bnc ‡2rdacarrier
4900 . ‡aSisters of Mercy Flats; ‡v2
500 . ‡aSequel to: Sisters of Mercy Flats.
520 . ‡aWhen the wagon carrying the McDougal sisters falls under attack, each sister is picked up by a different man. Anne-Marie, the middle sister, is saved by Creed Walker, a Crow warrior. It's loathing at first sight, but with bandits on their tail and a cache of gold to hide, Creed and Anne-Marie need each other. Will they learn to put aside their differences and trust each other--and God? And can their growing faith turn their lives around?
650 0. ‡aCrow Indians ‡vFiction.
650 0. ‡aMan-woman relationships ‡vFiction. ‡0(LARL_NWRL_CONSORTIUM)165985
650 0. ‡aGold ‡vFiction.
655 7. ‡aLove stories. ‡2gsafd
655 7. ‡aChristian fiction. ‡2gsafd
655 7. ‡aWestern stories. ‡2gsafd
948 . ‡hNO HOLDINGS IN LAL - 34 OTHER HOLDINGS
994 . ‡aZ0 ‡bLAL
901 . ‡a175829 ‡bOCLC ‡c175829 ‡tbiblio

Additional Resources